Výskum v oblasti biodiverzity - silné a slabé stránky

Ochrana biodiverzity na Slovensku. Pozitíva v oblasti ochrany biodiverzity. Slabé stránky v oblasti výskumu a ochrany biodiverzity. Faktory, ktoré ovplyvnia vývoj a výskum v oblasti biodiverzity a ekologickej stability. Priority v oblasti biodiverzity a stability.

Salvato in:
Dettagli Bibliografici
Autore principale: Izakovičová, Zita
Natura: Capitolo di libro
Lingua:slovacco
Soggetti:
Tags: Aggiungi Tag
Nessun Tag, puoi essere il primo ad aggiungerne!!

MARC

LEADER 00000naa$a2200000$$$4500
001 0038209
005 20230928075513.1
041 0 |a slo 
044 |a SK 
245 1 0 |a Výskum v oblasti biodiverzity - silné a slabé stránky  |c Zita Izakovičová 
520 |a Ochrana biodiverzity na Slovensku. Pozitíva v oblasti ochrany biodiverzity. Slabé stránky v oblasti výskumu a ochrany biodiverzity. Faktory, ktoré ovplyvnia vývoj a výskum v oblasti biodiverzity a ekologickej stability. Priority v oblasti biodiverzity a stability. 
610 2 0 |a diverzita biologická 
610 2 0 |a ekológia krajiny 
610 2 0 |a výskum 
610 2 0 |a výskum krajiny 
610 2 0 |a Slovensko 
610 2 0 |a politika environmentálna 
610 2 0 |a ochrana prírody 
100 1 |a Izakovičová, Zita